000
00306nam a22001337a 4500
008
221114b ||||| |||| 00| 0 eng d
041
_a
eng
080
_2
1
_a
101
082
_a
101 TUR
100
_a
44.1
101
_a
FILO
245
_a
THE CORRESPONDENCE OF ISAAC NEWTON
_c
TURNBULL W.H
942
_2
udc
_c
BK
999
_c
58880
_d
58880